Регионална библиотека "Любен Каравелов" - Русе

Радко Радославов - жизнен път и творчество (Запис номер 27120)

MARC детайли
000 -Лидер
Контролно поле с фиксирана дължина 02177nam a2200469 c 4500
003 - Код на организацията, давaща контролен номер
Контролно поле BLK
005 - Дата и час на последна редакция
Контролно поле 20240623004053.0
008 - Елементи от данни с фиксирана дължина
fixed length control field 180413b bul|||||r ||||||| ||bul||
010 ## - Наследен системен номер
LC control number KNG00029693000
020 ## - Международен стандартен номер на книга ISBN
Международен стандартен номер на книга ISBN 954-8685-06-Х
040 ## - Източник на каталожния запис
Идентификатор на билиотеката - собственик на записа BLK
041 ## - Код за език
Код за езика на текст/звукозапис или на отделно заглавие Български
Код за езика КДБФ Български
072 #7 - Код за тематичната категория
Код организация bullib
Код за тематична категория Я
Текст Автографи
072 #7 - Код за тематичната категория
Код организация bullib
Код за тематична категория К
Текст Краезнание
080 ## - УДК
Текстов определител УДК Възпитание. Образование. Просвета. Организация на свободното време. Вж и 003;021. 3;159. 9;612;613;727
УДК код - определител по УДК 37
УДК определител (497.2)(092)
УДК - код + определител 37(497.2)(092)
080 ## - УДК
УДК код - определител по УДК 929 Радославов, Радко
УДК - код + определител 929 Радославов, Радко
100 ## - Редна дума - Автор
Автор Георгиев, Лъчезар Георгиев
Дати, свързани с автора 1956-
Автор - информация (биография) Филолог, автор на проза
R(LIN) 368754
139 ## - Редно поле
Редна дума Георгиев, Лъчезар Георгиев
Авторски знак Радос - Р 17
245 10 - Сведения за заглавието
Заглавие Радко Радославов - жизнен път и творчество
Подзаглавни данни Принос към историята на бълг. образование и книжовност
Редно поле (дума) Лъчезар Георгиев Георгиев.
257 ## - Страна на издаване
Страна на създаване/издаване България
260 ## - Област на издателските данни
Име на издателя, разпространителя и проч. Радослав Стефанов Радославов
-- Звезден път
Година на издаване 1999
Печатница В. Търново : Сира
300 ## - Физическа характеристика
Страници 144 с.
Илюстрации и др. с ил.
Размери/Мащаб 21 см
380 ## - Жанр
Жанр Обществени науки
500 ## - Общи забележки
Забележка Библиогр. с. 138 ; Рез. на англ. ез. Кн. е посветена на 105 г. от смъртта на Радко Радославов и 158 г. от рождението му.
600 14 - Име на лице, използвано като предмет
За него / За нея Радославов, Радко
9 (RLIN) 269123
650 #4 - Допълнително описание по предмет – тема
Основно описание – тема или топоним Учители, български
9 (RLIN) 244252
650 #0 - Допълнително описание по предмет – тема
Основно описание – тема или топоним Писатели, български
9 (RLIN) 241944
650 #4 - Допълнително описание по предмет – тема
Основно описание – тема или топоним Възрожденци
9 (RLIN) 151453
653 ## - Ключова дума – ненормативна
Ключова дума възрожденци
653 ## - Ключова дума – ненормативна
Ключова дума учители
653 ## - Ключова дума – ненормативна
Ключова дума Радко Радославов
659 ## - Тематичен бюлетин
Тематичен бюлетин К
659 ## - Тематичен бюлетин
Тематичен бюлетин Я
852 ## - Местоположение
Форматна сигнатура Цб 202510
852 ## - Местоположение
Форматна сигнатура К 37/Р 17 Р
856 4# - Електронен адрес и достъп
Електронен формат pdf - файл
Път до файла /url/
856 4# - Електронен адрес и достъп
Електронен формат pdf - файл
Път до файла /url/
999 ## - СИСТЕМНИ КОНТРОЛНИ НОМЕРА
Koha biblionumber 27120
Koha biblioitemnumber 27120
942 ## - АРТИКУЛИ
Вид на библиотечния материал Книги
Скрит в OPAC Не
Периодичен библиозапис Да
944 ## - СЪЗДАВАНЕ И РЕДАКЦИЯ на ЗАПИСА
Създаване/Редакция Създаване
Дата на регистрацията/редакция 15.01.2003
Служител, извършил регистрацията/редакцията
Статус, дата на статуса CRON CRON
944 ## - СЪЗДАВАНЕ И РЕДАКЦИЯ на ЗАПИСА
Създаване/Редакция Редакция
Дата на регистрацията/редакция 18.03.2015
Служител, извършил регистрацията/редакцията Валя_Йорданова
999 ## - СИСТЕМНИ КОНТРОЛНИ НОМЕРА
Koha biblioitemnumber 27120
Наличности
Код за отписване Код за изгубен артикул Източник на класификационната схема Код за повреда Коз за рестрикции Код за отдаване Артикулен № Име на библиотеката - собственик Име на библиотеката, в която се намира в момента Статус (Текущо местоположение) Дата на вписване в системата Местоположение - отдел Цена в лева Номерация (Хронология) Инвентарен номер Систематично азбучна сигнатура Баркод Номер на екземпляра Цена в евро Служебна бележка Служебен тип на артикула
  Не е изгубен Universal Decimal Classification Не е повреден без рестрикции ползва се в читалня 43919 Регионална библиотека "Любен Каравелов" Русе Регионална библиотека "Любен Каравелов" Русе Краезнание 2001-01-01 Краезнание 0.00 Автограф: Лъчезар Георгиев 651530 К 37/Р 17 Р 120000651530 1 0.00 Дост: DA Вид: А N: стар фонд Дата: 01.01.1999 Дата инв: 09.11.2017 Бележки инв: К2017 Книги
  Не е изгубен Universal Decimal Classification Не е повреден без рестрикции ползва се в читалня 43920 Регионална библиотека "Любен Каравелов" Русе Регионална библиотека "Любен Каравелов" Русе Хранилище 2001-01-01 Хранилище 0.00   651889 Цб 202510 120000651889 2 0.00 Дост: Dp Вид: Д N: стар фонд Дата: 01.01.1999 Книги
Vip Innovations Ltd, Rousse, Bulgaria 2025